000 01243cam a2200361 a 4500
001 11966458
003 OSt
005 20140310184523.0
008 000406r20001997wiuab c b 001 0 eng
010 _a 00039512
020 _a0590266179
040 _aDLC
_cDLC
_dDLC
042 _alcac
043 _af-ua---
050 0 0 _aDT 61
_b.St8653 2005
100 1 _aSteedman, Scott.
_929924
245 1 4 _aThe Egyptian news /
_cScott Steedman; consultant: James Putnam.
260 _aNew York, NY:
_bScholastic Inc.,
_c2005.
300 _a32 p. :
_bcol. ill., col. maps ;
_c25 cm.
490 1 _aHistory news
500 _aOriginally published: Cambridge, Mass. : Candlewick Press, c1997.
500 _aIncludes index.
521 _aG10
526 _c1000
651 0 _aEgypt
_xCivilization
_yTo 332 B.C.
_vJuvenile literature.
_929925
651 1 _aEgypt
_xCivilization
_yTo 332 B.C.
_929926
830 0 _aHistory news (Milwaukee, Wis.)
_929927
906 _a7
_bcbc
_corignew
_d1
_eocip
_f20
_gy-gencatlg
942 _2lcc
_cBK-SCHOLAS
999 _c35067
_d35067